Famous Jerry's Quiz Stats

 Plays Quiz not verified by Sporcle

Challenge
Share
Tweet
Embed
Score 0/10 Timer 06:00
0 Plays Today
Hint Answer % Correct
Famous ice cream duoBen and Jerry
86.9%
Cartoon duoTom and Jerry
85%
Comedian 'But i don't want to be a pirate'Jerry Seinfeld
82.5%
Father of famous actor BenJerry Stiller
72.5%
NFL wIde receiver Jerry Rice
70.3%
Member of the Grateful DeadJerry Garcia
64.7%
Show him the money!!Jerry Maguire
63.1%
Jerry, Jerry, Jerry! Chant to this JerryJerry Springer
58.4%
Director of the Pirates of the Caribbean and CSI Miami. Jerry Bruckheimer
48.8%
Basketball player recently played for the Mavericks Jerry Stackhouse
22.5%

You're not logged in!

Compare scores with friends on all Sporcle quizzes.
Join for Free
OR
Log In

You Might Also Like...

Show Comments

Extras

Created Oct 6, 2009ReportNominate
Tags:Famous Quiz, jerry

Top Quizzes Today


Score Distribution

Your Account Isn't Verified!

In order to create a playlist on Sporcle, you need to verify the email address you used during registration. Go to your Sporcle Settings to finish the process.

Report this User

Report this user for behavior that violates our Community Guidelines.

Details: